Statistieken voor Top 15 landen met Covid-19 sterfgevallen - 11 mei 2022

Klik hier om de quiz te nemen!

Algemene statistieken

  • Deze quiz is 7 keer genomen
  • De gemiddelde score is 18 van 27

Antwoordstatistieken

land% Correct
Argentinië
100%
Brazilië
100%
Duitsland
100%
India
100%
Italië
100%
Rusland
100%
Verenigde Staten
100%
Frankrijk
80%
Mexico
80%
Peru
80%
Polen
80%
Verenigd Koninkrijk
80%
Bulgarije
60%
Hongarije
60%
Kroatië
60%
Roemenië
60%
Slovenië
60%
Slowakije
60%
Bosnië en Herzegovina
40%
Colombia
40%
Indonesië
40%
Iran
40%
Letland
40%
Litouwen
40%
Tsjechië
40%
Georgië
20%
Noord-Macedonië
20%

Scoreverdeling

Percentiel versus Aantal Correcte Antwoorden

Procent van Mensen met Elke Score

Uw Scoregeschiedenis

U heeft deze quiz nog niet genomen